Catàleg del Col·legi de Periodistes de Catalunya

L'Avenç : (Registre núm. 7631)

000 -CABECERA
Longitud fija campo de control 01188nas a2200337 a 4500
001 - NÚMERO DE CONTROL
Número de control 991016020989706706
003 - IDENTIFICADOR DEL NÚMERO DE CONTROL
Identificador del número de control OSt
005 - FECHA Y HORA DE LA ÚLTIMA TRANSACCIÓN
Fecha y hora de la última transacción 20220111191117.0
008 - CÓDIGOS DE INFORMACIÓN DE LONGITUD FIJA
Códigos de información de longitud fija 901119m19769999spcar || 0 ||cat|c
017 ## - NÚMERO DE COPYRIGHT O DE DEPÓSITO LEGAL
Número de copyright o de depósito legal DL B. 47520-1976
022 ## - NÚMERO INTERNACIONAL NORMALIZADO PARA PUBLICACIONES SERIADAS
Número Internacional Normalizado para Publicaciones Seriadas 0210-0150
035 ## - NÚMERO DE CONTROL DEL SISTEMA
Número de control del sistema (ES-BaCBU).b63199634
035 ## - NÚMERO DE CONTROL DEL SISTEMA
Número de control del sistema (OCoLC)865214895
040 ## - FUENTE DE LA CATALOGACIÓN
Centro catalogador de origen ES-BaCBU
Lengua de catalogación cat
Centro transcriptor CDMR
043 ## - CÓDIGO DE ÁREA GEOGRÁFICA
Código de área geográfica e-sp---
Código local GAC e-spp--
-- e-spc--
Fuente del código local catmarc
222 #2 - TÍTULO CLAVE
Título clave L'Avenç
245 02 - MENCIÓN DE TÍTULO
Título L'Avenç :
Resto del título [revista de cultura]
260 ## - PUBLICACIÓN, DISTRIBUCIÓN, ETC. (PIE DE IMPRENTA)
Lugar de publicación, distribución, etc. Barcelona:
Nombre del editor, distribuidor, etc. L'Avenç,
Fecha de publicación, distribución, etc. 1976-
300 ## - DESCRIPCIÓN FÍSICA
Extensión vol :
Otras características físicas il. ;
Dimensiones 31 cm.
310 ## - PERIODICIDAD ACTUAL
Periodicidad actual Mensual
362 0# - FECHAS DE PUBLICACIÓN Y/O DESIGNACIÓN SECUENCIAL
Fecha de publicación y/o designación secuencial Núm. 1 (abr. 1977)-
500 ## - NOTA GENERAL
Nota general Suplement: Plecs d'història local = ISSN 1130-5150
500 ## - NOTA GENERAL
Nota general El subtítol varia: revista d'història ; revista d'història i cultura.
515 ## - NOTAS DE PECULIARIDADES DE LA NUMERACIÓN
Nota de peculiaridades de la numeración Núm. preliminar: Núm. 0 (des. 1976).
650 #7 - PUNTO DE ACCESO ADICIONAL DE MATERIA - TÉRMINO DE MATERIA
Término de materia o nombre geográfico como elemento inicial Cultura catalana
Subdivisión de materia general Revistes.
Fuente del encabezamiento o término lemac
651 #7 - PUNTO DE ACCESO ADICIONAL DE MATERIA - NOMBRE GEOGRÁFICO
Nombre geográfico Països Catalans
Subdivisión de materia general Història
-- Revistes.
Fuente del encabezamiento o término lemac
651 #7 - PUNTO DE ACCESO ADICIONAL DE MATERIA - NOMBRE GEOGRÁFICO
Nombre geográfico Catalunya
Subdivisión de materia general Història
-- Revistes.
Fuente del encabezamiento o término lemac
730 0# - PUNTO DE ACCESO ADICIONAL - TÍTULO UNIFORME
Título uniforme Plecs d'història local.
856 42 - LOCALIZACIÓN Y ACCESO ELECTRÓNICO
Nota pública Accés al cercador de sumaris
Identificador Uniforme del Recurso (URI) <a href="http://www.lavenc.cat/index.php?/cat/altres/Consulta-de-l-arxiu-de-L-Avenc">http://www.lavenc.cat/index.php?/cat/altres/Consulta-de-l-arxiu-de-L-Avenc</a>
942 ## - ENTRADA DE ELEMENTOS AGREGADOS (KOHA)
Fuente de clasificaión o esquema
Koha [por defecto] tipo de item Publicacions periòdiques
Marca de registro de periódicas 1

No hi ha exemplars disponibles.

Implantat amb Koha